01008cam a22002775a 4500001001000000003000400010005001700014008004100031020002500072040003600097082002000133100003200153245006500185250001200250260004400262300006500306500006300371500002500434500002400459650004100483653002300524655002400547942000800571999001700579952013400596016932224OSt20151027145721.0141028s2014 moua frd 001 0 eng d a9781455758302 (pbk.) aStDuBDSbengcStDuBDSdEG-ScBUE04a610.14222bCHA1 aChabner, Davi-Ellen.93858610aMedical terminology :ba short course /cDavi-Ellen Chabner. a7th ed. aMissouri :bElsevier Saunders,cc.2015. axvii, 415 p. :bill. (black and white, and colour) ;c24 cm. aPrevious edition: St. Louis, Mo.: Elsevier Saunders, 2012. aIncludes glossaries. aIndex : p. 403-415. 7aMedicinevTerminology.2BUEsh923964 bPPhrmcOctober2015 vReading book934232 2ddc c20995d20967 00102ddc40708BaccahaMAINbMAINc1STd2015-10-27ePurchasel9m19o610.14 CHAp000031193r2025-09-30 00:00:00s2024-07-29yBB